000 01112cad a22002535a 4500
001 L158229
008 131216s2013 xxk f 000 0 eng d
020 _a9781783210428
035 _a(Sirsi) u158229
041 0 _aeng
110 2 _aRoyal Institution of Chartered Surveyors
_94900
245 0 0 _aAutomated Valuation Models [AVMs]
_h[electronic resource]
_b[archived]
250 _a1st edition
260 _aLondon
_bRICS
_c2013
490 0 _aRICS Information Paper
520 _aIntended for RICS members and others including lenders and similar institutions, the paper considers the use of Automated Valuation Models (AVMs) in the UK. Areas covered include types of model, property attribute data, market stratification, the application of AVMs and AVM selection and use.
590 _aKA
651 4 _aUnited Kingdom
690 _aValuation
_96273
700 1 _aBradford, Tim
700 1 _aRispin, Chris
856 4 0 _uhttps://www.isurv.com/download/downloads/id/5814/archive_automated_valuation_models_avms_2013%E2%80%93june_2018.pdf
_zArchived on isurv (subscription required)
942 _n0
_2ddc
999 _c115212
_d115212